000 00764nam a2200229Ia 4500
003 GCL
008 140319s9999 xx 000 0 ara d
020 _a3116910977
040 _aGCL /
_cGCL
082 0 4 _a658.564
_bم ت
100 1 _aمحمد عطية الفرجاتى
245 1 0 _aالتعبئة والتغليف :
_bواثرهما على المجتمع والبيئة /
_cمحمد عطية الفرجاتى
250 _aالاولى
260 _aالقاهرة :
_bدار الفكر العربى ،
_c1999
300 _a139 ص ؛
_c24 سم
490 _aسلسلة الطباعة والتغليف
_v1
650 0 4 _aالطباعة
650 0 4 _aالتعبئة
650 0 4 _aالتغليف
650 0 4 _aالتعليب والحفظ
942 _2ddc
_cBK
999 _c173
_d173